000 00525nam a2200169 4500
001 135952
003 ES-MaACL
007 t|
008 070214s1955 sp r ||||1| spa d
100 1 _aRuiz Gijón, José.
_9100817
245 1 0 _aMétodos biológicos de valoración de medicamentos /
_cDr. José Ruiz Gijón y Dr. Rafael Ibáñez.
250 _a1ª ed.
260 _aMadrid :
_bAlhambra,
_c1955.
300 _a564 p. ;
_c24 cm +
_e6 gráf.
700 1 _aIbáñez, Rafael.
_964912
852 _aES-MaACL
_jC-9064
_bR.37111
999 _c135952
_d135952